कलश/ (Record no. 204459)

MARC details
000 -LEADER
fixed length control field 00752nam a22001937a 4500
005 - DATE AND TIME OF LATEST TRANSACTION
control field 20240725172459.0
010 ## - LCCN (DPL NO)
LC control number HIN-128046
020 ## - INTERNATIONAL STANDARD BOOK NUMBER
Terms of availability 400.00
International Standard Book Number 9789389625738
035 ## - SYSTEM CONTROL NUMBER
System control number HN-100392
037 ## - SOURCE OF ACQUISITION
Source of stock number/acquisition DBAD
082 ## - DEWEY DECIMAL CLASSIFICATION NUMBER
Classification number 894.81
100 ## - MAIN ENTRY--PERSONAL NAME
Personal name ज्योति
245 ## - TITLE STATEMENT
Title कलश/
Statement of responsibility, etc ज्योति
260 ## - PUBLICATION, DISTRIBUTION, ETC. (IMPRINT)
Place of publication, distribution, etc दिल्ली
Name of publisher, distributor, etc मोनिका प्रकाशन
Date of publication, distribution, etc 2020
270 ## - ADDRESS
Address 600/5-A, आदर्श मोहल्ला, गली नं.-15, मौजपुर
City दिल्ली
Postal code 110053
Telephone number 9891985727
Electronic mail address pushpenderkumar163@gmail.com
300 ## - PHYSICAL DESCRIPTION
Extent 95पृ.
Dimensions 22सेमी. (सजिल्द)
650 ## - SUBJECT ADDED ENTRY--TOPICAL TERM
Topical term or geographic name as entry element हिन्दी
942 ## - ADDED ENTRY ELEMENTS (KOHA)
Source of classification or shelving scheme Dewey Decimal Classification
Item type Hindi Books
Classification part 894.81
Call number suffix ज्योति
Holdings
Withdrawn status Lost status Not for loan Collection code Home library Current library Date acquired Source of acquisition Cost, normal purchase price Full call number Barcode Copy number Cost, replacement price Koha item type
      Non-fiction New Police Line New Police Line 25/07/2024 DBAD 400.00 894.81 ज्योति HN-100392 1 400.00 Hindi Books

© Delhi Public Library
Hit Counter
free hit counter